000 01104nam a2200289 a 4500
001
003 DO-SdBNP
005 20220628105202.0
008 150324s2012 dr a 000 0 spa d
040 _aDO-SdBNP
_bspa
_cBPMSU
082 _a923.5
_bC397v 2012
_222
100 1 _aCenteno, Francisco Javier
245 1 0 _aBreves recuerdos :
_bvivencias, a 20 años de la rebelión cívico-militar del 04 de febrero de 1992... no debemos olvidar /
_cFrancisco Javier Centeno; prólogo Alfredo Murga Rivas.
246 1 2 _aVivencias, a 20 años de la rebelión cívico-militar del 04 de febrero de 1992
260 _aSanto Domingo :
_bImpresora Dottel,
_c2012
300 _a315 p. :
_bil. ;
_c22 cm.
500 _3 Contiene artículos periodísticos
_5Contienes cartas manuscritas
600 1 4 _a Centeno, Francisco Javier
_vBiografías
_d
600 1 4 _aChávez, Hugo,
_d1954-2013
650 4 _aMilitares
_zVenezuela
650 4 _aRebelión militar.
650 4 _a
651 4 _aVenezuela
_xPolítica y gobierno.
700 1 _aMurga Rivas, Alfredo
_eprol.
910 _aVMateo V.
942 _2ddc
_cBK
999 _c13945
_d13945